| 000 -LEADER |
| fixed length control field |
00564cam a22001697a 4500 |
| 008 - FIXED-LENGTH DATA ELEMENTS--GENERAL INFORMATION |
| fixed length control field |
180718b1961 xxu||||| |||| 00| 0 eng d |
| 082 ## - DEWEY DECIMAL CLASSIFICATION NUMBER |
| Classification number |
G89 R349 |
| 100 ## - MAIN ENTRY--PERSONAL NAME |
| Personal name |
Rhyne, Charles S. |
| 245 ## - TITLE STATEMENT |
| Title |
Codification of municipal ordinances |
| Statement of responsibility, etc. |
by Charles S. Rhyne, Brice W. Rhyne and Edward D. Means |
| 260 ## - PUBLICATION, DISTRIBUTION, ETC. |
| Place of publication, distribution, etc. |
Washington |
| Name of publisher, distributor, etc. |
National Institute of Municipal Law Officers |
| Date of publication, distribution, etc. |
1961 |
| 300 ## - PHYSICAL DESCRIPTION |
| Extent |
115p |
| 500 ## - GENERAL NOTE |
| General note |
Report No. 147 |
| 650 ## - SUBJECT ADDED ENTRY--TOPICAL TERM |
| Topical term or geographic name entry element |
Law --Codification |
| 650 ## - SUBJECT ADDED ENTRY--TOPICAL TERM |
| Topical term or geographic name entry element |
Municipal corporations --United States |
| 700 ## - ADDED ENTRY--PERSONAL NAME |
| Personal name |
Means, Edward D. |
| 700 ## - ADDED ENTRY--PERSONAL NAME |
| Personal name |
Rhyne, Brice W. |